Crisis y conflicto en el capitalismo latinoamericano: lecturas políticas /
Tallennettuna:
| Päätekijä: | |
|---|---|
| Yhteisötekijät: | , |
| Muut tekijät: | |
| Aineistotyyppi: | Teksti |
| Julkaistu: |
Buenos Aires:
CLACSO
|
| Aiheet: | |
| Tagit: |
Lisää tagi
Ei tageja, Lisää ensimmäinen tagi!
|
MARC
| LEADER | 00000 a a2200000 04500 | ||
|---|---|---|---|
| 001 | 28576 | ||
| 003 | |||
| 040 | |a CRAI/IIS |c CRAI/IIS | ||
| 020 | |a 950-9231-80-0 | ||
| 090 | |a 189105 | ||
| 100 | |a Levy, Bettina | ||
| 110 | |a CLACSO | ||
| 245 | |a Crisis y conflicto en el capitalismo latinoamericano: lecturas políticas / |c CLACSO | ||
| 260 | |a Buenos Aires: |b CLACSO | ||
| 300 | |a 355 p |b **no definido** |b fonodiscos | ||
| 650 | |a ACCION COLECTIVA | ||
| 650 | |a CONFLICTOS | ||
| 650 | |a CONDICIONES ECONOMICAS | ||
| 650 | |a ESTADO | ||
| 650 | |a ACCIONES COLECTIVAS | ||
| 650 | |a CONFLICTOS | ||
| 700 | |a comp | ||
| 710 | |a Asdi | ||
| 999 | |c 12276 |d 12276 | ||



